| 000 | 01117nam a22002537a 4500 | ||
|---|---|---|---|
| 999 |
_c58565 _d58565 |
||
| 003 | Ge_BSU | ||
| 005 | 20220603131026.0 | ||
| 008 | 220603s2014 ge ||||| |||| 00| 0 geo d | ||
| 020 | _a9789941070303 | ||
| 041 | _ageo | ||
| 080 | _a1(075.8) ხ-29 | ||
| 100 |
_aხასაია, ზ. (ზურაბ) _913975 |
||
| 245 |
_aფილოსოფიის ძირითადი ცნებები და პრობლემები / _cზურაბ ხასაია ; რედ. ნაპო კვარაცხელია. |
||
| 264 |
_aთბილისი : _bCarpe diem, _c 2014. |
||
| 300 |
_a206 გვ. ; _b20 სმ. |
||
| 504 | _aბიბლიოგრ.: გვ. 205. | ||
| 653 | _aფილოსოფიის ზოგადი დახასიათება. | ||
| 653 | _aონტოლოგია. | ||
| 653 | _aადამიანი. | ||
| 653 | _aსაზოგადოება. | ||
| 653 | _aგნოსეოლოგია. | ||
| 700 |
_aკვარაცხელია, ნ. (ნაპო) _eრედაქტორი _913976 |
||
| 942 |
_2udc _cBK |
||